[Event "Alushta Blitz op"]
[Site "Alushta"]
[Date "2022.07.02"]
[Round "8"]
[White "Karaev, Seit"]
[Black "Zhurov, Sergey"]
[Result "0-1"]
[WhiteElo "2280"]
[BlackElo "2254"]
[PlyCount "82"]
[EventDate "2022.07.02"]
[EventType "swiss (blitz)"]
[EventRounds "13"]
[EventCountry "UKR"]
[SourceTitle "CBM 209 Extra"]
[Source "ChessBase"]
[SourceDate "2022.09.30"]
[SourceVersion "1"]
[SourceVersionDate "2022.09.30"]
[SourceQuality "1"]

1. e4 e5 2. f4 d5 3. exd5 exf4 4. Nf3 Nf6 5. c4 c6 6. d4 cxd5 7. c5 Nc6 8. Bxf4 Be7 9. Bb5 0-0 10. Bxc6 bxc6 11. 0-0 Bg4 12. Qd3 Bxf3 13. Rxf3 Ne4 14. Nc3 f5 15. b4 Bg5 16. Be5 Rf7 17. a4 Bd2 18. Nxe4 dxe4 19. Qxd2 exf3 20. gxf3 f4 21. Bxf4 Qd5 22. Rf1 Rd8 23. Bd6 Rxf3 24. b5 Rxf1+ 25. Kxf1 Rd7 26. Qe3 Rf7+ 27. Ke1 h6 28. bxc6 Qc4 29. Qe8+ Kh7 30. Qe4+ g6 31. c7 Rf1+ 32. Kd2 Qc1+ 33. Kd3 Rd1+ 34. Ke2 Re1+ 35. Kf3 Rxe4 36. c8Q Qe3+ 37. Kg2 Qd2+ 38. Kf3 Re3+ 39. Kf4 Qf2+ 40. Kg4 Re4+ 41. Kh3 Rh4# 0-1

[Event "Alushta Blitz op"]
[Site "Alushta"]
[Date "2022.07.02"]
[Round "13"]
[White "Triapishko, Alexandr"]
[Black "Karaev, Seit"]
[Result "1-0"]
[WhiteElo "2506"]
[BlackElo "2280"]
[PlyCount "69"]
[EventDate "2022.07.02"]
[EventType "swiss (blitz)"]
[EventRounds "13"]
[EventCountry "UKR"]
[SourceTitle "CBM 209 Extra"]
[Source "ChessBase"]
[SourceDate "2022.09.30"]
[SourceVersion "1"]
[SourceVersionDate "2022.09.30"]
[SourceQuality "1"]

1. Nf3 Nf6 2. g3 g6 3. b3 Bg7 4. Bb2 0-0 5. Bg2 d6 6. d4 c5 7. 0-0 Nc6 8. c4 Bf5 9. Nc3 Qa5 10. d5 Ne4 11. Na4 Bxb2 12. Nxb2 Nb4 13. a3 Na6 14. Ne1 Qc3 15. Na4 Qa5 16. g4 Nd2 17. b4 cxb4 18. Qxd2 Qxa4 19. gxf5 b3 20. Nd3 Qxc4 21. Rfc1 Qd4 22. Qc3 Qa4 23. Nb2 Qb5 24. a4 Qxe2 25. Bf3 Qe5 26. Qxe5 dxe5 27. Ra3 gxf5 28. Rxb3 e4 29. Be2 Rad8 30. Rxb7 Nb8 31. Rd1 Rfe8 32. Rxa7 Kf8 33. Bb5 e6 34. Bxe8 Kxe8 35. dxe6 1-0

[Event "Titled Tuesday intern op 28th Jun Early"]
[Site "Chess.com INT"]
[Date "2022.06.28"]
[Round "7"]
[White "Dixit, Arun"]
[Black "Karaev, Seit"]
[Result "0-1"]
[WhiteElo "2226"]
[BlackElo "2280"]
[PlyCount "75"]
[EventDate "2022.06.28"]
[EventType "swiss (blitz)"]
[EventRounds "11"]
[EventCountry "USA"]
[SourceTitle "CBM 209 Extra"]
[Source "ChessBase"]
[SourceDate "2022.09.30"]
[SourceVersion "1"]
[SourceVersionDate "2022.09.30"]
[SourceQuality "1"]

1. d4 Nf6 2. c4 c5 3. d5 b5 4. cxb5 a6 5. bxa6 Bxa6 6. Nc3 Qa5 7. Bd2 g6 8. e4 Bg7 9. Nf3 0-0 10. Be2 Bxe2 11. Qxe2 Qa6 12. Qxa6 Nxa6 13. 0-0 d6 14. e5 Nd7 15. exd6 exd6 16. Ne4 Bxb2 17. Rab1 Be5 18. Nxe5 dxe5 19. Rb7 Nab8 20. Rfb1 Rxa2 21. Bh6 Rc8 22. Nd6 Rd8 23. Bg5 f6 24. Bxf6 Nxf6 25. Rxb8 Rxb8 26. Rxb8+ Kg7 27. Rb7+ Kh6 28. Nf7+ Kh5 29. h3 e4 30. g4+ Kh4 31. d6 Rd2 32. Ne5 Rxd6 33. Kg2 Rd2 34. Nc4 Rd7 35. Ne3 Rxb7 36. Kh2 Rb3 37. Ng2+ Kg5 38. h4+ 0-1

[Event "Titled Tuesday intern op 28th Jun Early"]
[Site "Chess.com INT"]
[Date "2022.06.28"]
[Round "11"]
[White "Ivanov, Mike"]
[Black "Karaev, Seit"]
[Result "0-1"]
[WhiteElo "2359"]
[BlackElo "2280"]
[PlyCount "70"]
[EventDate "2022.06.28"]
[EventType "swiss (blitz)"]
[EventRounds "11"]
[EventCountry "USA"]
[SourceTitle "CBM 209 Extra"]
[Source "ChessBase"]
[SourceDate "2022.09.30"]
[SourceVersion "1"]
[SourceVersionDate "2022.09.30"]
[SourceQuality "1"]

1. e4 Nf6 2. e5 Nd5 3. c4 Nb6 4. d4 d6 5. Nf3 g6 6. Nc3 Bg7 7. Be3 0-0 8. Qb3 a5 9. 0-0-0 a4 10. Qa3 d5 11. c5 Nc4 12. Bxc4 dxc4 13. Qb4 a3 14. Qxc4 axb2+ 15. Kxb2 Nc6 16. Rhe1 Bg4 17. Bg5 Bxf3 18. gxf3 Qe8 19. f4 Kh8 20. d5 Na5 21. Qe4 f6 22. Bh4 fxe5 23. fxe5 e6 24. Ka1 Nb3+ 25. Kb1 Nxc5 26. Qc4 Na4 27. dxe6 Nxc3+ 28. Qxc3 Qxe6 29. Qb3 Qf5+ 30. Qc2 Qg4 31. Bf6 Bxf6 32. exf6 Rxf6 33. Qxc7 Qb4+ 34. Ka1 Rxa2+ 35. Kxa2 Ra6+ 0-1

[Event "Titled Tuesday intern op 28th Jun Early"]
[Site "Chess.com INT"]
[Date "2022.06.28"]
[Round "8"]
[White "Karaev, Seit"]
[Black "Large, Peter G"]
[Result "1-0"]
[WhiteElo "2280"]
[BlackElo "2299"]
[PlyCount "71"]
[EventDate "2022.06.28"]
[EventType "swiss (blitz)"]
[EventRounds "11"]
[EventCountry "USA"]
[SourceTitle "CBM 209 Extra"]
[Source "ChessBase"]
[SourceDate "2022.09.30"]
[SourceVersion "1"]
[SourceVersionDate "2022.09.30"]
[SourceQuality "1"]

1. e4 e6 2. d4 d5 3. e5 Ne7 4. c3 b6 5. Nf3 Qd7 6. Bd3 Ba6 7. 0-0 Bxd3 8. Qxd3 c5 9. a4 Nbc6 10. Na3 h5 11. Nb5 Nf5 12. Bg5 a6 13. Na3 cxd4 14. cxd4 Nb4 15. Qd2 Qxa4 16. Rfc1 Qd7 17. h3 h4 18. Rc3 Be7 19. Rac1 0-0 20. Rc7 Qd8 21. Bxe7 Nxe7 22. Qxb4 Nf5 23. Qxb6 Rb8 24. Qxa6 Rxb2 25. Nb5 Qb8 26. Nd6 Rb1 27. Nxf5 exf5 28. Nxh4 Qxc7 29. Rxb1 Qc2 30. Qb5 Qe4 31. Nf3 Rc8 32. Re1 Qf4 33. Qxd5 Rc1 34. Qa5 Rc2 35. Qd8+ Kh7 36. Qh4+ 1-0

[Event "Titled Tuesday intern op 28th Jun Early"]
[Site "Chess.com INT"]
[Date "2022.06.28"]
[Round "6"]
[White "Karaev, Seit"]
[Black "Pourkashiyan, Atousa"]
[Result "0-1"]
[WhiteElo "2280"]
[BlackElo "2322"]
[PlyCount "60"]
[EventDate "2022.06.28"]
[EventType "swiss (blitz)"]
[EventRounds "11"]
[EventCountry "USA"]
[SourceTitle "CBM 209 Extra"]
[Source "ChessBase"]
[SourceDate "2022.09.30"]
[SourceVersion "1"]
[SourceVersionDate "2022.09.30"]
[SourceQuality "1"]

1. e4 e5 2. f4 d5 3. exd5 exf4 4. Nf3 Nf6 5. c4 Bd6 6. d4 0-0 7. Be2 Re8 8. 0-0 Bg4 9. Nc3 Nbd7 10. c5 Bf8 11. Bxf4 Ne4 12. Bc4 Ndf6 13. Qb3 Bxf3 14. Rxf3 Nh5 15. Raf1 Nxf4 16. Rxf4 Nd2 17. Qa4 Nxf1 18. Rxf1 Qh4 19. Bb3 Re1 20. Qc4 Rae8 21. g3 Rxf1+ 22. Qxf1 Qxd4+ 23. Kg2 Qf6 24. Qc4 Re3 25. d6 Qf3+ 26. Kh3 Re5 27. Qxf7+ Qxf7 28. dxc7 Rxc5 29. Bxf7+ Kxf7 30. Ne4 Rxc7 0-1

[Event "Titled Tuesday intern op 07th Jun Early"]
[Site "Chess.com INT"]
[Date "2022.06.07"]
[Round "8"]
[White "Ismayil, Malak"]
[Black "Karaev, Seit"]
[Result "0-1"]
[WhiteElo "2001"]
[BlackElo "2280"]
[PlyCount "146"]
[EventDate "2022.06.07"]
[EventType "swiss (blitz)"]
[EventRounds "11"]
[EventCountry "USA"]
[SourceTitle "CBM 208 Extra"]
[Source "ChessBase"]
[SourceDate "2022.07.31"]
[SourceVersion "1"]
[SourceVersionDate "2022.07.31"]
[SourceQuality "1"]

1. e4 Nf6 2. e5 Nd5 3. d4 d6 4. Nf3 g6 5. Bc4 Nb6 6. Bb3 Bg7 7. 0-0 0-0 8. Ng5 dxe5 9. Qf3 e6 10. Qh3 h6 11. Nf3 e4 12. Nfd2 Qxd4 13. c3 Qd3 14. Qh4 g5 15. Qh5 Nc6 16. Na3 e5 17. Bc2 Qd6 18. Nxe4 Qg6 19. Qe2 f5 20. Nc5 e4 21. f3 Qd6 22. Nb3 a5 23. fxe4 f4 24. Nc4 Nxc4 25. Qxc4+ Be6 26. Qc5 a4 27. Qxd6 cxd6 28. Nd2 a3 29. Bb3 Bxb3 30. Nxb3 axb2 31. Bxb2 Ne5 32. Nd4 Nc4 33. Bc1 Rfc8 34. Rb1 Rc7 35. Ne6 Re7 36. Nxg7 Kxg7 37. Rb4 Rc7 38. a4 Ne5 39. Rd4 Ra6 40. Ba3 Nc4 41. Bb4 Rxa4 42. Rfd1 b5 43. Bxd6 Nxd6 44. Rxd6 Rxe4 45. Rd7+ Re7 46. Rxe7+ Rxe7 47. Rd5 Rc7 48. Kf2 Rxc3 49. Rxb5 Kg6 50. Rb6+ Kh5 51. Rb5 Kg4 52. h3+ Kh4 53. Rb2 h5 54. Rd2 g4 55. hxg4 hxg4 56. Rb2 g3+ 57. Kf1 Rc1+ 58. Ke2 Kg4 59. Rb7 Rc2+ 60. Kf1 Rf2+ 61. Kg1 Ra2 62. Rg7+ Kf5 63. Kf1 Ra1+ 64. Ke2 Rg1 65. Rf7+ Kg5 66. Rg7+ Kf6 67. Rg4 Kf5 68. Rg8 Rxg2+ 69. Kf1 Rf2+ 70. Kg1 Ra2 71. Rf8+ Kg4 72. Rg8+ Kf3 73. Rxg3+ fxg3 0-1

[Event "Titled Tuesday intern op 07th Jun Early"]
[Site "Chess.com INT"]
[Date "2022.06.07"]
[Round "1"]
[White "Karaev, Seit"]
[Black "Thorhallsson, Simon"]
[Result "1-0"]
[WhiteElo "2280"]
[BlackElo "2171"]
[PlyCount "117"]
[EventDate "2022.06.07"]
[EventType "swiss (blitz)"]
[EventRounds "11"]
[EventCountry "USA"]
[SourceTitle "CBM 208 Extra"]
[Source "ChessBase"]
[SourceDate "2022.07.31"]
[SourceVersion "1"]
[SourceVersionDate "2022.07.31"]
[SourceQuality "1"]

1. e4 d5 2. exd5 Qxd5 3. Nc3 Qd6 4. Nf3 Nf6 5. h3 c6 6. Bc4 Bf5 7. d3 e6 8. Qe2 Be7 9. Bd2 Nbd7 10. 0-0-0 Nb6 11. Bb3 a5 12. a4 0-0 13. Ne5 Nbd7 14. f4 Nc5 15. Bc4 Nd5 16. g4 Bg6 17. h4 Nxc3 18. Bxc3 Nxa4 19. h5 Nxc3 20. bxc3 Bxh5 21. Rxh5 b5 22. Rdh1 h6 23. g5 bxc4 24. gxh6 cxd3 25. Qg4 g5 26. Rxg5+ Kh8 27. Rg7 Bf6 28. Rg1 Bxe5 29. fxe5 Qxe5 30. h7 Qe3+ 31. Kb2 Rab8+ 32. Ka2 Qh6 33. Rg8+ Kxh7 34. Rg7+ Kh8 35. Rg5 Rb5 36. Qd4+ e5 37. Qg4 e4 38. Rg8+ Kh7 39. Rxf8 Qxf8 40. Rh1+ Qh6 41. Rxh6+ Kxh6 42. Qf4+ Kg7 43. Qxe4 dxc2 44. Qxc2 Kf6 45. Qf2+ Ke6 46. Qe3+ Kd6 47. Qd4+ Kc7 48. Qf6 Kb6 49. Qxf7 Rd5 50. Kb3 Rb5+ 51. Kc4 Rc5+ 52. Kd3 Rd5+ 53. Kc2 Rb5 54. Qd7 Rc5 55. Qd4 Kb5 56. Kb3 Rd5 57. c4+ Ka6 58. cxd5 cxd5 59. Qxd5 1-0

[Event "Titled Tuesday intern op 07th Jun Early"]
[Site "Chess.com INT"]
[Date "2022.06.07"]
[Round "10"]
[White "Karaev, Seit"]
[Black "Turski, Bartlomiej"]
[Result "0-1"]
[WhiteElo "2280"]
[BlackElo "2192"]
[PlyCount "118"]
[EventDate "2022.06.07"]
[EventType "swiss (blitz)"]
[EventRounds "11"]
[EventCountry "USA"]
[SourceTitle "CBM 208 Extra"]
[Source "ChessBase"]
[SourceDate "2022.07.31"]
[SourceVersion "1"]
[SourceVersionDate "2022.07.31"]
[SourceQuality "1"]

1. e4 e5 2. f4 exf4 3. Nf3 d6 4. Bc4 Be6 5. Bxe6 fxe6 6. d4 Nf6 7. Nc3 d5 8. e5 Ne4 9. Bxf4 Bb4 10. 0-0 Bxc3 11. bxc3 0-0 12. Bd2 c5 13. Rb1 b6 14. Qe2 Nc6 15. Be1 Qd7 16. Rd1 Na5 17. dxc5 Nxc5 18. c4 Nxc4 19. Bb4 Qb5 20. Rb1 a5 21. Nd4 Rxf1+ 22. Qxf1 Qd7 23. Bxc5 bxc5 24. Nf3 Rf8 25. Rd1 Nxe5 26. Qe2 Nxf3+ 27. gxf3 Qf7 28. Kg2 Qg6+ 29. Kh1 Qf5 30. Kg2 Rf6 31. Re1 Rg6+ 32. Kh1 h6 33. Qe3 Kh7 34. c3 Rf6 35. Kg2 Qf4 36. Qxf4 Rxf4 37. Rxe6 Rc4 38. Re3 Kg6 39. Kg3 Kf5 40. h4 Ra4 41. Re7 Rxa2 42. Rxg7 d4 43. cxd4 cxd4 44. Rf7+ Ke6 45. Rh7 d3 46. Rxh6+ Kd5 47. Rh8 d2 48. Rd8+ Kc4 49. h5 Kc3 50. h6 Ra1 51. Rc8+ Kb4 52. Rb8+ Kc5 53. Rc8+ Kb6 54. Rd8 d1Q 55. Rxd1 Rxd1 56. Kg4 a4 57. Kg5 a3 58. h7 Rh1 59. Kg6 a2 0-1